The noble scholar, jurist, historian


 His Excellency Dr. Abdul Wahhab bin Ibrahim Abu Sulaiman, may Allah have mercy on him.


 He was born in Umm Al-Qura in the year 1356 AH.

الحج قبل مئة سنة : (Record no. 11834)

MARC details
000 -LEADER
fixed length control field 01712cam a22003371i 4500
003 - CONTROL NUMBER IDENTIFIER
control field SA-RiAUC
005 - DATE AND TIME OF LATEST TRANSACTION
control field 20250917113324.0
008 - FIXED-LENGTH DATA ELEMENTS--GENERAL INFORMATION
fixed length control field 250915s1999 le ao g 000 0 ara c
040 ## - CATALOGING SOURCE
Original cataloging agency JO-IrJUST
Language of cataloging ara
Transcribing agency SA-RiAUC
Description conventions rda
043 ## - GEOGRAPHIC AREA CODE
Geographic area code ar-----
-- a-su---
050 14 - LIBRARY OF CONGRESS CALL NUMBER
Item number .R37 1999
082 04 - DEWEY DECIMAL CLASSIFICATION NUMBER
Classification number 953.001
090 ## - LOCALLY ASSIGNED LC-TYPE CALL NUMBER (OCLC); LOCAL CALL NUMBER (RLIN)
Classification number (OCLC) (R) ; Classification number, CALL (RLIN) (NR) 915.312104
Local cutter number (OCLC) ; Book number/undivided call number, CALL (RLIN) ر ي ز
100 1# - MAIN ENTRY--PERSONAL NAME
Personal name ريزفان، يغيم
Relator term مؤلف.
245 12 - TITLE STATEMENT
Title الحج قبل مئة سنة :
Remainder of title الصراع الدولي على الجزيرة العربية والعالم الإسلامي : الرحلة السرية للضابط الروسي عبد العزيز دولتشين إلى مكة المكرمة 1898-1899 : رواية وصفية بديعة للتاريخ والجغرافيا والسياسة والاجتماع والإدارة /
Statement of responsibility, etc. يغيم ريزفان.
250 ## - EDITION STATEMENT
Edition statement الطبعة الثالثة.
264 #1 - PRODUCTION, PUBLICATION, DISTRIBUTION, MANUFACTURE, AND COPYRIGHT NOTICE
Place of production, publication, distribution, manufacture بيروت :
Name of producer, publisher, distributor, manufacturer دار التقريب بين المذاهب الإسلامية،
Date of production, publication, distribution, manufacture, or copyright notice 1999
300 ## - PHYSICAL DESCRIPTION
Extent 351 صفحة :
Other physical details جداول، صور
Dimensions 24 سم.
336 ## - CONTENT TYPE
Content type term نص
Content type code txt
Source rdacontent
Materials specified كتاب
337 ## - MEDIA TYPE
Media type term بدون وسيط
Media type code n
Source rdamedia
338 ## - CARRIER TYPE
Carrier type term مجلد
Carrier type code nc
Source rdacarrier
650 #7 - SUBJECT ADDED ENTRY--TOPICAL TERM
Topical term or geographic name entry element الحج
General subdivision تاريخ
Source of heading or term aucsh
650 #7 - SUBJECT ADDED ENTRY--TOPICAL TERM
Topical term or geographic name entry element الأماكن المقدسة الإسلامية
Geographic subdivision السعودية
Source of heading or term aucsh
651 #7 - SUBJECT ADDED ENTRY--GEOGRAPHIC NAME
Geographic name المدينة المنورة
General subdivision وصف ورحلات
Source of heading or term aucsh
651 #7 - SUBJECT ADDED ENTRY--GEOGRAPHIC NAME
Geographic name السعودية
General subdivision تاريخ
Source of heading or term aucsh
651 #7 - SUBJECT ADDED ENTRY--GEOGRAPHIC NAME
Geographic name شبه الجزيرة العربية
General subdivision تاريخ
Source of heading or term aucsh
651 #7 - SUBJECT ADDED ENTRY--GEOGRAPHIC NAME
Geographic name مكة المكرمة
General subdivision وصف ورحلات
Source of heading or term aucsh
651 #7 - SUBJECT ADDED ENTRY--GEOGRAPHIC NAME
Geographic name شبه الجزيرة العربية
General subdivision وصف ورحلات
Source of heading or term aucsh
942 ## - ADDED ENTRY ELEMENTS (KOHA)
Source of classification or shelving scheme Dewey Decimal Classification
Koha item type Books
Suppress in OPAC No
949 ## - LOCAL PROCESSING INFORMATION (OCLC)
a SA-JeALM
d 250915
u mohamedma123
n 1
Holdings
Withdrawn status Lost status Source of classification or shelving scheme Damaged status Not for loan Home library Current library Date acquired Total checkouts Full call number Barcode Date last seen Price effective from Koha item type
    Dewey Decimal Classification     DR AbdElwahab Library DR AbdElwahab Library 09/17/2025   915.312104 ر ي ز 000019060 09/17/2025 09/17/2025 Books